000 00740nam a2200301 a 4500
003 AR-BaBNM
005 20251128205635.0
008 082120s2002 ||||||||||||||000 | spa||
020 _a968-23-1364-3
040 _cAR-BaBNM
100 1 _aRomero, José Luis
245 0 0 _aMaquiavelo Historiador
250 _a3ª ed.
260 _aBuenos Aires
_bSiglo Veintiuno
_c1986
300 _a118 p.
650 4 _aHISTORIOGRAFIA
650 4 _aPOLITICA
650 4 _aHUMANISMO
650 4 _aRENACIMIENTO
650 4 _aHISTORIOGRAFIA
650 4 _aHISTORIA
650 4 _aINVESTIGACION HISTORICA
650 4 _aESCRITURA HISTORICA
650 4 _aANALISIS HISTORICO
650 4 _aMETODO HISTORICO
942 _cBK
998 _cMariana
999 _c12200
_d12200